[Event "SVK-chT U20 final"]
[Site "Trnava"]
[Date "2018.05.05"]
[Round "2.4"]
[White "Hlavinova, Martina"]
[Black "Majirska, Karin"]
[Result "1/2-1/2"]
[WhiteElo "1466"]
[BlackElo "1585"]
[PlyCount "96"]
[EventDate "2018.05.04"]
[EventType "team-tourn"]
[EventRounds "5"]
[EventCountry "SVK"]
[SourceTitle "EXT 2019"]
[Source "ChessBase"]
[SourceDate "2018.10.10"]
[SourceVersion "1"]
[SourceVersionDate "2018.10.10"]
[SourceQuality "1"]
[WhiteTeam "Nitra Junior"]
[BlackTeam "Michalovce Zemplin Junior"]
[WhiteTeamCountry "SVK"]
[BlackTeamCountry "SVK"]

1. e4 c5 2. Nf3 Nc6 3. d4 cxd4 4. Nxd4 g6 5. c4 Bg7 6. Be3 Nf6 7. Nc3 d6 8. f3 0-0 9. Qd2 Bd7 10. Be2 Qc7 11. 0-0 Ne5 12. b3 a6 13. Rac1 Rac8 14. Rfd1 Rfd8 15. Bg5 Re8 16. h3 Nc6 17. Kh1 Nh5 18. Nd5 Qd8 19. Nxc6 Bxc6 20. Bh4 Bxd5 21. Qxd5 Qc7 22. Rf1 Nf4 23. Qd2 Be5 24. Bg5 Nh5 25. Kg1 Qb6+ 26. Be3 Qc7 27. f4 Bg7 28. Bxh5 gxh5 29. Qe2 Qa5 30. f5 h4 31. Qg4 Kh8 32. Qxh4 Qxa2 33. Rb1 Qa5 34. Bh6 Qc5+ 35. Kh1 Qe5 36. Rf4 Qf6 37. Bg5 Qe5 38. Re1 Rc7 39. f6 exf6 40. Bxf6 Bxf6 41. Rxf6 Rg8 42. Rh6 Qg7 43. Qf6 Rd7 44. Rf1 Qxf6 45. Rfxf6 Rg6 46. g4 Kg7 47. Rhxg6+ hxg6 48. Rf2 Re7 1/2-1/2

[Event "SVK-ch U16/20 Girls"]
[Site "Liptovsky Mikulas"]
[Date "2017.04.24"]
[Round "4"]
[White "Hlavinova, Martina"]
[Black "Dudaskova, Katarina"]
[Result "1-0"]
[WhiteElo "1439"]
[BlackElo "1167"]
[PlyCount "79"]
[EventDate "2017.04.22"]
[EventType "swiss"]
[EventRounds "9"]
[EventCountry "SVK"]
[SourceTitle "CBM 178 Extra"]
[Source "ChessBase"]
[SourceDate "2017.06.22"]
[SourceVersion "1"]
[SourceVersionDate "2017.06.22"]
[SourceQuality "1"]

1. e4 e5 2. Nf3 Nc6 3. Bc4 Bc5 4. d3 h6 5. c3 d6 6. 0-0 Nf6 7. Nbd2 0-0 8. Bb3 Qe7 9. Re1 Be6 10. Bc2 a6 11. Nf1 Bg4 12. Ng3 Qe6 13. Be3 Ba7 14. Bb3 Qd7 15. a3 Be6 16. Bc2 Bg4 17. Qe2 Rfe8 18. Bd1 Bxe3 19. Qxe3 Ne7 20. Bc2 Nh5 21. Nxh5 Bxh5 22. h3 Qe6 23. Nh4 Bg6 24. Qg3 Bh7 25. d4 c6 26. Re3 Ng6 27. Nxg6 Qxg6 28. Qh4 Re6 29. Bb3 Rf6 30. Rg3 Rf4 31. Rxg6 Rxh4 32. Rxd6 Bxe4 33. dxe5 Re8 34. e6 fxe6 35. Bxe6+ Kh8 36. Bg4 Re5 37. g3 h5 38. Bd7 Rg5 39. Kh2 Kh7 40. Rg1 1-0

[Event "Liptovsky Mikulas CupT U20"]
[Site "Liptovsky Mikulas"]
[Date "2016.06.25"]
[Round "7.4"]
[White "Waszczuk, Patrycja"]
[Black "Hlavinova, Martina"]
[Result "1-0"]
[WhiteElo "1798"]
[BlackElo "1318"]
[PlyCount "63"]
[EventDate "2016.06.21"]
[EventType "team-swiss"]
[EventRounds "8"]
[EventCountry "SVK"]
[SourceTitle "CBM 173 Extra"]
[Source "ChessBase"]
[SourceDate "2016.08.29"]
[SourceVersion "1"]
[SourceVersionDate "2016.08.29"]
[SourceQuality "1"]
[WhiteTeam "Krakow Wisla (U20)"]
[BlackTeam "Nitra Junior (U20)"]
[WhiteTeamCountry "POL"]
[BlackTeamCountry "SVK"]

1. e4 e5 2. Nf3 Nc6 3. Bb5 a6 4. Ba4 Nf6 5. d3 b5 6. Bb3 Be7 7. 0-0 0-0 8. Nbd2 d6 9. c3 Bb7 10. Re1 Na5 11. Bc2 c5 12. Nf1 Qc7 13. Ng3 Rfe8 14. Nf5 Bf8 15. Bg5 Nd7 16. Rc1 Nc6 17. d4 Ne7 18. N3h4 Ng6 19. Nf3 Nb6 20. h4 Bc8 21. Qd3 c4 22. Qd2 Nd7 23. Rcd1 f6 24. Be3 Ne7 25. dxe5 Qc6 26. Nxd6 Rd8 27. Nd4 Qc7 28. Ne6 Qb8 29. Nxd8 Nxe5 30. Nxc8 Qxc8 31. f4 N5g6 32. h5 1-0

[Event "Liptovsky Mikulas CupT U20"]
[Site "Liptovsky Mikulas"]
[Date "2015.06.28"]
[Round "7.4"]
[White "Hlavinova, Martina"]
[Black "Zemkova, Klara"]
[Result "0-1"]
[WhiteElo "1284"]
[BlackElo "1780"]
[PlyCount "102"]
[EventDate "2015.06.25"]
[EventType "team-swiss"]
[EventRounds "7"]
[EventCountry "SVK"]
[SourceTitle "CBM 167 Extra"]
[Source "ChessBase"]
[SourceDate "2015.09.14"]
[SourceVersion "1"]
[SourceVersionDate "2015.09.14"]
[SourceQuality "1"]
[WhiteTeam "Nitra Junior (U18)"]
[BlackTeam "Interchess (U18)"]
[WhiteTeamCountry "SVK"]
[BlackTeamCountry "SVK"]

1. e4 e6 2. d4 d5 3. exd5 exd5 4. Nf3 Bd6 5. Bd3 Ne7 6. 0-0 0-0 7. Bg5 f6 8. Bh4 Bf5 9. c3 Nbc6 10. Qc2 Qd7 11. Nbd2 Bg6 12. Bg3 Bxg3 13. fxg3 Nf5 14. Rae1 Rae8 15. Bxf5 Bxf5 16. Qb3 Bd3 17. Rf2 a6 18. Nf1 Bc4 19. Qc2 Rxe1 20. Nxe1 Re8 21. Nf3 Qe6 22. b3 Bb5 23. N1d2 Be2 24. Nf1 Nd8 25. Nh4 Bh5 26. Qf5 Qxf5 27. Nxf5 Nf7 28. N5e3 c6 29. g4 Bg6 30. Re2 Nd6 31. Nd2 Nb5 32. c4 Nxd4 33. Re1 f5 34. gxf5 Nxf5 35. Nc2 Rxe1+ 36. Nxe1 d4 37. Kf2 Kf7 38. Ndf3 c5 39. Ne5+ Ke6 40. Nxg6 hxg6 41. Nd3 Kd6 42. Nf4 g5 43. Nd3 b5 44. Kf3 Ne3 45. cxb5 axb5 46. Nf2 Kd5 47. g3 c4 48. Ke2 Nf5 49. Nd1 d3+ 50. Kd2 Kd4 51. g4 Ne3 0-1

[Event "SVK-ch U14 Girls"]
[Site "Tatralandia"]
[Date "2015.04.23"]
[Round "7"]
[White "Hlavinova, Martina"]
[Black "Mincicova, Katarina"]
[Result "1-0"]
[WhiteElo "1307"]
[BlackElo "1000"]
[PlyCount "77"]
[EventDate "2015.04.18"]
[EventType "swiss"]
[EventRounds "9"]
[EventCountry "SVK"]
[SourceTitle "CBM 166 Extra"]
[Source "ChessBase"]
[SourceDate "2015.06.18"]
[SourceVersion "1"]
[SourceVersionDate "2015.06.18"]
[SourceQuality "1"]

1. e4 c5 2. Bc4 a6 3. c3 Nc6 4. Bb3 Nf6 5. d3 e5 6. Nf3 h6 7. 0-0 Be7 8. Re1 0-0 9. Nbd2 d6 10. h3 Nh5 11. Nf1 b5 12. Ne3 Ra7 13. Nd5 Be6 14. Bc2 Nf6 15. Nxe7+ Nxe7 16. Be3 Rd7 17. a3 c4 18. d4 exd4 19. Nxd4 d5 20. Nxe6 fxe6 21. e5 Ne8 22. Qg4 g5 23. Qxe6+ Kg7 24. h4 Nc7 25. Qg4 Ng6 26. hxg5 Nxe5 27. gxh6+ Kf7 28. Qf5+ Ke7 29. Bg5+ Ke8 30. Rxe5+ Re7 31. Qg6+ Kd7 32. Bf5+ Ne6 33. Bxe6+ Kc7 34. Rxd5 Qb8 35. Bxe7 a5 36. Rd7+ Kc6 37. Bg4+ Rf6 38. Qxf6+ Qd6 39. Qxd6# 1-0

[Event "SVK-ch U14 Girls"]
[Site "Tatralandia"]
[Date "2015.04.20"]
[Round "4"]
[White "Cabanova, Kristina"]
[Black "Hlavinova, Martina"]
[Result "1-0"]
[WhiteElo "1563"]
[BlackElo "1307"]
[PlyCount "67"]
[EventDate "2015.04.18"]
[EventType "swiss"]
[EventRounds "9"]
[EventCountry "SVK"]
[SourceTitle "CBM 166 Extra"]
[Source "ChessBase"]
[SourceDate "2015.06.18"]
[SourceVersion "1"]
[SourceVersionDate "2015.06.18"]
[SourceQuality "1"]

1. Nf3 d5 2. d4 Nc6 3. Bf4 Bf5 4. e3 Nf6 5. c4 e6 6. a3 Be7 7. Nc3 a6 8. Rc1 0-0 9. Be2 dxc4 10. Bxc4 Qd7 11. 0-0 Nh5 12. Bg5 Bxg5 13. Nxg5 Nf6 14. b4 h6 15. Nf3 Ne7 16. Ne5 Qd6 17. Re1 c6 18. Ba2 Rad8 19. Na4 Bg6 20. Nc5 Qc7 21. a4 Ned5 22. b5 axb5 23. axb5 Rd6 24. bxc6 bxc6 25. Qa4 Ne7 26. Bb1 Bxb1 27. Rxb1 Nfd5 28. Rb7 Qc8 29. e4 Nc7 30. Reb1 f6 31. Nf3 Qd8 32. Qa7 Nb5 33. R1xb5 cxb5 34. Rxe7 1-0

[Event "SVK-ch U12 Girls"]
[Site "Lubovna"]
[Date "2013.04.09"]
[Round "5"]
[White "Hlavinova, Martina"]
[Black "Ucekajova, Veronika"]
[Result "0-1"]
[WhiteElo "1145"]
[BlackElo "1461"]
[PlyCount "100"]
[EventDate "2013.04.06"]
[EventType "swiss"]
[EventRounds "9"]
[EventCountry "SVK"]
[SourceTitle "CBM 153 Extra"]
[Source "ChessBase"]
[SourceDate "2013.04.22"]
[SourceVersion "1"]
[SourceVersionDate "2013.04.22"]
[SourceQuality "1"]

1. e4 e6 2. d4 d5 3. Nd2 Nf6 4. e5 Nfd7 5. Bd3 c5 6. c3 Nc6 7. Ne2 f6 8. exf6 Nxf6 9. 0-0 cxd4 10. cxd4 Bd6 11. Nf3 0-0 12. Bf4 Bxf4 13. Nxf4 Ng4 14. Nh5 g6 15. Ng3 Nf6 16. Re1 Qb6 17. Ng5 Nxd4 18. Qb1 Nf5 19. Nxf5 exf5 20. Qc2 Qc6 21. Qb3 h6 22. Nf3 Qb6 23. Qa3 Ne4 24. Re2 Be6 25. Ne5 Bc8 26. Qe7 Qf6 27. Qc7 Qg7 28. Qxg7+ Kxg7 29. Bxe4 dxe4 30. Rd2 Re8 31. Nc4 b6 32. Rc1 Ba6 33. Ne3 f4 34. Nd5 e3 35. fxe3 fxe3 36. Rdd1 e2 37. Re1 Rac8 38. Kf2 Rxc1 39. Rxc1 Rf8+ 40. Ke3 Rf1 41. Rxf1 exf1Q 42. g3 Qe2+ 43. Kd4 Qxb2+ 44. Nc3 Qb4+ 45. Ke3 Qxc3+ 46. Kf4 g5+ 47. Kf5 Bc8+ 48. Ke4 Kf6 49. Kd5 Bb7+ 50. Kd6 Qc6# 0-1

[Event "SVK-ch U12 Girls"]
[Site "Lubovna"]
[Date "2013.04.08"]
[Round "3"]
[White "Hlavinova, Martina"]
[Black "Bohusova, Kristina"]
[Result "1-0"]
[WhiteElo "1145"]
[BlackElo "1000"]
[PlyCount "61"]
[EventDate "2013.04.06"]
[EventType "swiss"]
[EventRounds "9"]
[EventCountry "SVK"]
[SourceTitle "CBM 153 Extra"]
[Source "ChessBase"]
[SourceDate "2013.04.22"]
[SourceVersion "1"]
[SourceVersionDate "2013.04.22"]
[SourceQuality "1"]

1. e4 e5 2. Nf3 Nc6 3. Bc4 Bc5 4. d3 Nf6 5. Bg5 h6 6. Bh4 d6 7. h3 Nd4 8. Nc3 Bb4 9. 0-0 g5 10. Bg3 g4 11. Nxd4 Nh5 12. h4 exd4 13. Nd5 Nxg3 14. fxg3 Be6 15. Nxb4 Qd7 16. Qe2 0-0-0 17. c3 dxc3 18. bxc3 c5 19. Nd5 f5 20. Rab1 Qf7 21. Qb2 Rd7 22. a4 Bxd5 23. Bxd5 Qg7 24. Be6 Kd8 25. Bxd7 Qxd7 26. c4 Rh7 27. Rxf5 b6 28. a5 h5 29. axb6 axb6 30. Rf8+ Ke7 31. Qf6# 1-0

[Event "SVK-ch U12 Girls"]
[Site "Lubovna"]
[Date "2013.04.06"]
[Round "1"]
[White "Hlavinova, Martina"]
[Black "Sankova, Stella"]
[Result "1-0"]
[WhiteElo "1145"]
[BlackElo "1000"]
[PlyCount "65"]
[EventDate "2013.04.06"]
[EventType "swiss"]
[EventRounds "9"]
[EventCountry "SVK"]
[SourceTitle "CBM 153 Extra"]
[Source "ChessBase"]
[SourceDate "2013.04.22"]
[SourceVersion "1"]
[SourceVersionDate "2013.04.22"]
[SourceQuality "1"]

1. e4 e5 2. Nf3 Nf6 3. d3 Nc6 4. Nc3 Bd6 5. Bg5 h6 6. Bh4 0-0 7. Nd5 Be7 8. Nxe7+ Qxe7 9. Qe2 b6 10. Bxf6 Qxf6 11. g3 d6 12. Bg2 Bb7 13. 0-0 Ba6 14. c4 b5 15. b3 bxc4 16. dxc4 Rab8 17. Nh4 g6 18. Qe3 Qg7 19. Kh1 Rfe8 20. f4 f6 21. Rf2 exf4 22. gxf4 f5 23. Raf1 fxe4 24. Bxe4 Rb6 25. Rg1 g5 26. fxg5 hxg5 27. Rxg5 Rxe4 28. Rxg7+ Kxg7 29. Qxe4 Ne7 30. Qxe7+ Kh6 31. Rg2 Rb8 32. Qg7+ Kh5 33. Qg5# 1-0

[Event "Liptovsky Mikulas CupT U20"]
[Site "Liptovsky Mikulas"]
[Date "2012.06.24"]
[Round "5.4"]
[White "Hlavinova, Martina"]
[Black "Janecek, Miroslav"]
[Result "1-0"]
[WhiteElo "1118"]
[BlackElo "1000"]
[PlyCount "97"]
[EventDate "2012.06.22"]
[EventType "team-swiss"]
[EventRounds "9"]
[EventCountry "SVK"]
[SourceTitle "CBM 149 Extra"]
[Source "ChessBase"]
[SourceDate "2012.08.24"]
[SourceVersion "1"]
[SourceVersionDate "2012.08.24"]
[SourceQuality "1"]
[WhiteTeam "Nitra ASK"]
[BlackTeam "V4 International"]
[WhiteTeamCountry "SVK"]
[BlackTeamCountry "SVK"]

1. e4 b6 2. d4 Bb7 3. Nc3 d5 4. Bb5+ c6 5. Ba4 b5 6. Bb3 dxe4 7. Nxe4 Nf6 8. Nxf6+ exf6 9. Qe2+ Be7 10. Nf3 0-0 11. 0-0 c5 12. Re1 c4 13. Qxe7 Bxf3 14. gxf3 Qxe7 15. Rxe7 cxb3 16. axb3 Nc6 17. Re4 Rae8 18. Rxe8 Rxe8 19. Be3 Nb4 20. c3 Nc2 21. Rxa7 Nxe3 22. fxe3 h6 23. e4 g5 24. Rb7 g4 25. Kf2 Ra8 26. Rxb5 Ra2 27. fxg4 Rxb2+ 28. Kg3 Re2 29. e5 fxe5 30. Rxe5 Rd2 31. Re3 Kg7 32. b4 Rb2 33. d5 Rb1 34. Kf4 Rd1 35. c4 Rd4+ 36. Re4 Rxe4+ 37. Kxe4 Kf8 38. Ke5 Ke8 39. Kd6 Kd8 40. b5 Kc8 41. c5 f6 42. c6 h5 43. gxh5 f5 44. h6 Kb8 45. h7 Ka7 46. h8Q f4 47. Qa1+ Kb8 48. c7+ Kc8 49. Qa8# 1-0

[Event "Liptovsky Mikulas CupT U20"]
[Site "Liptovsky Mikulas"]
[Date "2012.06.22"]
[Round "1.4"]
[White "Chuprova, Irina"]
[Black "Hlavinova, Martina"]
[Result "1-0"]
[WhiteElo "1887"]
[BlackElo "1118"]
[PlyCount "43"]
[EventDate "2012.06.22"]
[EventType "team-swiss"]
[EventRounds "9"]
[EventCountry "SVK"]
[SourceTitle "CBM 149 Extra"]
[Source "ChessBase"]
[SourceDate "2012.08.24"]
[SourceVersion "1"]
[SourceVersionDate "2012.08.24"]
[SourceQuality "1"]
[WhiteTeam "St Petersburg"]
[BlackTeam "Nitra ASK"]
[WhiteTeamCountry "RUS"]
[BlackTeamCountry "SVK"]

1. e4 e5 2. f4 Nc6 3. Nf3 d6 4. Bc4 Be7 5. 0-0 Nf6 6. d3 0-0 7. Nc3 Bg4 8. h3 Bh5 9. g4 Qd7 10. f5 Nxg4 11. hxg4 Bxg4 12. Qe1 Rfd8 13. Qg3 Bxf3 14. Rxf3 Bf8 15. Nd5 Kh8 16. Rf2 f6 17. Nxf6 Qe7 18. Nxh7 d5 19. Qh3 g6 20. Ng5+ Kg8 21. f6 Qd7 22. Bxd5+ 1-0